000 00340 a2200157 4500
001 191164
020 _a978-85-8186-002-2
040 _cMagnum
100 _aLima, Edy
240 1 0 _aMãe assim quero pra mim
_lpor
245 1 0 _aMãe assim quero pra mim
300 _a20
362 0 _a2012
697 _aLITERATURA INFANTO
942 _cBK
999 _c191164
_d191164